Most Single Season RB Receptions Ever for Every Team - Statistics

General Stats
  • This quiz has been taken 4 times
  • The average score is 13 of 32
Answer Stats
Team Yards Player % Correct
CAR 116 Christian McCaffrey
100%
CLE 74 Duke Johnson
100%
LAC 107 Austin Ekeler
75%
DAL 77 Ezekiel Elliott
75%
SEA 76 John L. Williams
75%
JAX 76 Leonard Fournette
75%
PIT 85 Le'Veon Bell
75%
NYG 91 Saquon Barkley
75%
HOU 68 Domanick Williams
50%
NEP 87 James White
50%
CIN 60 Joe Mixon
50%
IND 86 Marshall Faulk
50%
CHI 102 Matt Forte
50%
NYJ 88 Richie Anderson
50%
SFF 92 Roger Craig
50%
LAR 90 Steven Jackson
50%
PHI 90 Brian Westbrook
25%
GBP 78 Edgar Bennett
25%
TBB 85 James Wilder
25%
ARI 101 Larry Centers
25%
WAS 81 Larry Centers
25%
BUF 80 Larry Centers
25%
KAN 74 Priest Holmes
25%
BAL 78 Ray Rice
25%
DET 80 Theo Riddick
25%
ATL 81 William Andrews
25%
TEN 80 Butch Woolfolk
0%
LVR 91 Charlie Garner
0%
DEN 77 Glyn Milburn
0%
NOS 88 Reggie Bush
0%
MIN 88 Rickey Young
0%
MIA 75 Terry Kirby
0%
No matching quizzes found
Score Distribution
Percent of People with Each Score
Percentile by Number Answered
Your Score History
You have not taken this quiz